Adaptácia NKP kaštieľa v Chtelnici pre účely hotela a kultúrnospoločenského využitia

Uložené v:
Podrobná bibliografia
Hlavný autor: Medvecká, Karina, 1988- (Autor)
Ďalší autori: Gregorová, Jana, 1959- (Vedúci práce)
Médium: Rukopis Kniha
Jazyk:Slovak
Vydavateľské údaje: Bratislava 2015
Predmet:
On-line prístup:http://is.stuba.sk/zp/portal_zp.pl?podrobnosti=112230
Tagy: Pridať tag
Žiadne tagy, Buďte prvý, kto otaguje tento záznam!

MARC

LEADER 00000ntm a22000003a 4500
001 stuzp52139
003 SK-STU
005 20210309070613.7
007 ta
008 150427s2015----xo-----f-mn---000-0-slo-d
040 |a STU  |b slo 
041 0 |a slo 
100 1 |a Medvecká, Karina,  |d 1988-  |u 052120  |4 aut  |U FAD Fakulta architektúry a dizajnu  |U FAD Fakulta architektúry  |T FA Ústav ekologickej a experimentálnej architektúry  |X 49297  |U A2120  |Y 393  |7 A000049297 
242 0 1 |a Adaptation national cultural heritage mansion in Chtelnica for the purpose of the hotel and cultural use  |y eng 
245 1 0 |a Adaptácia NKP kaštieľa v Chtelnici pre účely hotela a kultúrnospoločenského využitia 
260 |c 2015  |a Bratislava 
650 4 |a adaptácia  |2 slo 
650 4 |a rekonštrukcia  |2 slo 
650 4 |a genius loci  |2 slo 
650 4 |a reconstruction  |2 eng 
650 4 |a adaptation  |2 eng 
650 4 |a genius loci  |2 eng 
700 1 |a Gregorová, Jana,  |d 1959-  |4 ths  |X 420  |7 A000000420 
856 4 |u http://is.stuba.sk/zp/portal_zp.pl?podrobnosti=112230  |u https://opac.crzp.sk/?fn=detailBiblioForm&sid=E75B5E22D326BA6A99A091CFFF20 
SQL |a stuzp52139  |b DDP  |c SLO  |d Adaptácia NKP kaštieľa v Chtelnici pre účely hotela a kultúrnospoločenského využitia  |e 49297  |f Medvecká, Karina  |g 052120  |h 420  |i Gregorová, Jana  |j 20150604  |k 153  |l 05  |m http://is.stuba.sk/zp/portal_zp.pl?podrobnosti=112230  |n I-ARCH  |o 5.1.1. architektúra a urbanizmus